Hermandades y cofradías en Badajoz y su Partido a finales de la edad moderna / Esteban Mira Caballos
ISBN:
84-7671-693-1
Descripción Física:
239 p. ; 24 cm
Materias:
Confraries -- Badajoz -- Història
MARC
| LEADER | 00000nam a2200000Ia 4500 | ||
|---|---|---|---|
| 001 | 14642 | ||
| 008 | 160829s2002 xx 000 0 cat d | ||
| 020 | |a 84-7671-693-1 | ||
| 080 | |a F-1-70 | ||
| 100 | |a Mira Caballos, Esteban |9 22596 | ||
| 245 | |a Hermandades y cofradías en Badajoz y su Partido a finales de la edad moderna / Esteban Mira Caballos | ||
| 260 | |a Badajoz : |b Junta de Extremadura, Consejería de Cultura, |c 2002 | ||
| 300 | |a 239 p. ; |c 24 cm | ||
| 590 | |a Referències bibliogràfiques. | ||
| 590 | |a Bibliografia. | ||
| 590 | |a Índex onomàstic | ||
| 650 | |a Confraries |x Badajoz |x Història |9 27654 | ||
| 710 | 1 | |a Extremadura. |b Consejería de Cultura |9 54127 | |
| 901 | |a Arxiu | ||
| 942 | |n 1 | ||
| 952 | |0 0 |1 0 |4 0 |6 F170 |7 1 |9 44500 |a Arxiu |b Arxiu |d 2016-12-01 |l 0 |o F-1-70 |p 14642 |r 2016-12-01 00:00:00 |w 2016-12-01 |y ARXIU | ||
| 999 | |c 47081 |d 47081 | ||